Normal view
MARC view
Entry Topical Term
001 - CONTROL NUMBER
- control field: 856238
003 - CONTROL NUMBER IDENTIFIER
- control field: OSt
005 - DATE AND TIME OF LATEST TRANSACTION
- control field: 20251212115052.0
008 - FIXED-LENGTH DATA ELEMENTS
- fixed length control field: 251212|| aca||aabn | a|a d
040 ## - CATALOGING SOURCE
- Original cataloging agency: OSt
- Transcribing agency: OSt
150 ## - HEADING--TOPICAL TERM
- Topical term or geographic name entry element: BUDDHISM; RELIGION
670 ## - SOURCE DATA FOUND
- Source citation: Work cat.: (OSt)191320: Davids, T W Rhys 27436, Outlines of Buddhism:, 1978.
